|
|
|
|
| LEADER |
01106nam a2200325 4500 |
| 001 |
000008342 |
| 003 |
4529 |
| 005 |
20111017111015.0 |
| 008 |
111017s2001 viesd |
| 020 |
|
|
|c 31500đ
|
| 041 |
0 |
|
|a vie
|
| 082 |
|
|
|a 335.4
|b HA-Đ
|
| 100 |
0 |
|
|a Hà Minh Đức
|e Tác giả
|
| 245 |
|
0 |
|a C.Mác - Ph. Ăngghen - V.I.Leenin và một số vấn đề lý luận văn nghệ
|c Hà Minh Đức
|
| 250 |
|
|
|a Tái bản lần thứ 2
|
| 260 |
|
|
|a H.
|b Nxb Chính trị Quốc gia
|c 2001
|
| 300 |
|
|
|a 307 tr.
|c 22 cm
|
| 653 |
|
|
|a Lý luận văn nghệ
|
| 700 |
|
|
|a Hà Minh Đức
|e Tác giả
|
| 910 |
|
|
|a duyên
|d 17/10/2011
|
| OWN |
|
|
|a LSP
|
| AVA |
|
|
|a UDN50
|b LSP
|d 335.4 HA-Đ
|e available
|t Error 5001 Not defined in file expand_doc_bib_avail.
|f 3
|g 0
|h N
|i 0
|k 1
|
| 999 |
|
|
|a From the UDN01
|
| AVA |
|
|
|a UDN50
|b LSP
|d 335.4 HA-Đ
|e available
|t Error 5001 Not defined in file expand_doc_bib_avail.
|f 3
|g 0
|h N
|i 0
|k 1
|
| TYP |
|
|
|a Monograph
|
| TYP |
|
|
|a Printed language
|
| 980 |
|
|
|a Mạng thư viện Đại học Đà Nẵng
|